| 000 | 00607 a2200145 4500 | ||
|---|---|---|---|
| 001 | 125007 | ||
| 020 | _a9780545137690 | ||
| 040 | _cEscola Canadense de Niteroi | ||
| 100 | _aScholastic | ||
| 245 | 1 | 0 | _aScholastic First Picture Dictionary (Revised) |
| 250 | _aRevised Edition | ||
| 362 | 0 | _a2009 | |
| 520 | _aWith an oversize trim and a new cover that shines, this picture dictionary organizes words by category for a holistic approach to vocabulary acquisition. Colour-coded sections for easy reference highlight important words that relate to our bodies, home, school, nature, and more! | ||
| 942 | _cBK | ||
| 999 |
_c125007 _d125007 |
||